LEADER 00919naa a2200217 u 4500 001 000000099735 003 CaOOAMICUS 005 20070226130200.0 008 051006s2001 it u000 u eng u 035 $a11062005 040 $aIAR$bita 100 1 $aTanner, Norman.$0(OLS)http://pul/name/34966 245 10$a[Recensione :] Les Commissions Conciliaires à Vatican II /$cNorman Tanner S.J. 260 $aBologna :$bEd. Dehoniane,$c2001. 300 $aS. 533-536 ;$c22 cm 630 04$aCommissions Conciliaires à Vatican II.$0(OLS)http://pul/subject/32002 730 0 $aCristianesimo nella storia$g[Spogli].$0(OLS)http://pul/title/7312 773 0 $aCristianesimo nella storia ;.$tvol. XXII (2001) 773 0 $tCristianesimo nella storia$w()5012 996 $6245$a[Recensione :] Les Commissions Conciliaires à Vatican II$9(OLS)http://pul/title/126614 996 $6260$aBologna :$bEd. Dehoniane$9(OLS)http://pul/publisher/48282 LEADER 01574nam a2200337 a 4500 001 000000122228 003 CaOOAMICUS 005 20100611144219.0 008 100611t2010 it aboe u000 u ita r 040 $aPUL$bita$dReb 041 1 $aita$heng 082 04$a930 100 1 $aFields, Nic.$0(OLS)http://pul/name/74681 240 10$aSiracuse 415-413 BC: destruction of the Athenian imperial fleet$lItaliano.$0(OLS)http://pul/title/153822 245 10$aSiracusa, il disastro ateniese /$cNic Fields ; illustrazioni di Peter Dennis. 260 $aMilano :$bRBA Italia,$c©2010. 300 $a96 p. :$bill., c. geogr., foto ;$c25 cm. 490 1 $aRoma e Grecia$aLe battaglie, gli eserciti, i grandi condottieri 490 1 $aGrecia$aLa guerra del Peloponneso II 500 $aPubblicazione periodica settimanale. 504 $aInclude bibliografia ed indice. 651 4$aGrecia$xStoria$y421-401 a. C.$0(OLS)http://pul/subject/36976 700 1 $aDennis, Peter.$0(OLS)http://pul/name/70959 830 0$aRoma e Grecia$pLe battaglie, gli eserciti, i grandi condottieri.$0(OLS)http://pul/title/150360 830 0$aGrecia$pLa guerra del Peloponneso II.$0(OLS)http://pul/title/153821 850 $aPUL 852 $aPUL$W1$xDP2 Filosofia 3$y112$m930 COLL 2.17$j140296$qDDC 21$B139465$CPULBib$Z2$F139465 $H113912 $82 941 1 $a9 996 $6082$a930$9(OLS)http://pul/classification/398 996 $6245$aSiracusa, il disastro ateniese$9(OLS)http://pul/title/153820 996 $6260$aMilano :$bRBA Italia$9(OLS)http://pul/publisher/80118